000 00837nac a22002171u 4500
010 _a 2001090920
020 _a0672321815
082 _a005
_bG7601
090 _c2001
_d2001
100 _a20080729
245 0 0 _aBuilding Web services with Java :
_bmaking sense of XML, SOAP, WSDL, and UDDI /
_cSteve Graham ... [et al.].
260 _aIndianapolis, Ind. :
_bSams,2002
_c2002.
300 _aix, 581 p. :
_bill. ;
_c23 cm.
504 _aIncludes bibliographical references and index.
650 0 _aWeb site development.
650 0 _aJava (Computer program language)
650 0 _aApplication software
_xDevelopment.
700 1 _aGraham, Steve.
942 _cBB
_k005G7601
999 _c2001
_d2001